| 000 | 00741nam a22002537a 4500 | ||
|---|---|---|---|
| 999 |
_c322419 _d322419 |
||
| 001 | 36168 | ||
| 003 | UA-OsUOA | ||
| 005 | 20230504161230.0 | ||
| 007 | ta | ||
| 008 | 20060119b un ||||| |||| 00| 0 ukr d | ||
| 020 | _a9668226054 | ||
| 040 |
_aUA-OsUOA _bukr _cUA-OsUOA _dUA-OsUOA |
||
| 041 | _aukr | ||
| 080 | _a159.964.2+82 | ||
| 090 |
_a159.964.2+82 _bЗ-41 |
||
| 100 | _aЗборовська Н. В. | ||
| 245 |
_aПсихоаналіз і літературознавство _bпосібник |
||
| 260 |
_aК. _bАкадемвидав _c2003 |
||
| 300 | _a392 с. | ||
| 650 | 7 |
_a159.9 Психологія _2UDC |
|
| 942 |
_cBK _2udc |
||
| 955 | _a2 | ||